000 00349pab a2200133 454500
008 180718b1988 xxu||||| |||| 00| 0 eng d
100 _aO'Shea, Eamon
245 _aIs economics necessary for an efficient and equilable health service?
260 _c1988
300 _a222-41
650 _aHealth Services
773 _aAdministration
909 _a9642
999 _c9642
_d9642